Dios Habla a sus hijos: Textos bíblicos

Saved in:
Bibliografiske detaljer
Corporate Authors: Ayuda a la Iglesia Necesitada (Author), Papsitliches Missionswerk der Kinder in Deutschland (Author)
Format: Bog
Sprog:spansk
Udgivet: Estella Verbo Divino 1995
Udgivelse:9a. ed
Fag:
Tags: Tilføj Tag
Ingen Tags, Vær først til at tagge denne postø!

MARC

LEADER 00000nam a2200000 a 4500
001 UCH5257
003 CL-VaPUC
008 091014e19950000SP |||||||||||||||||spa|d
020 |a 8471516039 
082 0 4 |a 220  |b AYU  |2 21 
110 2 |a Ayuda a la Iglesia Necesitada  |e author  |9 541520 
710 2 |a Papsitliches Missionswerk der Kinder in Deutschland  |e author  |9 541521 
245 1 0 |a Dios Habla a sus hijos: Textos bíblicos 
250 |a 9a. ed 
300 |a 96 p 
942 |c BK 
945 |d 20091014 00:00:00  |a ccalabra 
260 |a Estella  |b Verbo Divino  |c 1995 
650 0 |a Cristianismo  |9 257361 
650 0 |a Antiguo testamento   |9 313678 
650 0 |a Nuevo testamento  |9 257604 
650 0 |a Lectura  |9 307634 
650 7 |a PERSONAJES BIBLICOS  |2 CL-VaPUC  |9 478621 
650 0 |a Literatura infantil   |9 307465 
650 0 |a Vida cristiana  |9 258753 
583 |a last modification  |c 20091014 00:00:00  |k Rodrigo Vera 
999 |c 336426  |d 336424